[Event "ROM-ch sf"]
[Site "Baile Tusnad"]
[Date "1999.??.??"]
[Round "5"]
[White "Craciun, Danut"]
[Black "Sofronie, Iulian"]
[Result "1/2-1/2"]
[WhiteElo "2185"]
[BlackElo "2414"]
[PlyCount "102"]
[EventDate "1999.09.??"]
[EventType "swiss"]
[EventRounds "9"]
[EventCountry "ROU"]
[SourceTitle "EXT 2000"]
[Source "ChessBase"]
[SourceDate "1999.11.16"]
[SourceVersion "1"]
[SourceVersionDate "1999.11.16"]
[SourceQuality "1"]

1. d4 Nf6 2. c4 g6 3. Nc3 Bg7 4. e4 d6 5. f3 0-0 6. Be3 c5 7. dxc5 dxc5 8. Qxd8 Rxd8 9. Bxc5 Nc6 10. Rd1 Rxd1+ 11. Kxd1 b6 12. Ba3 Be6 13. Nh3 Rd8+ 14. Kc1 Bh6+ 15. Kb1 Bc8 16. Nf2 Rd2 17. Nfd1 Nxe4 18. fxe4 Bg4 19. b3 Bxd1 20. Bc1 Rc2 21. Bxh6 Rxc3 22. Bd2 Rc2 23. Be1 Ne5 24. Bg3 Nd7 25. Bd3 Rd2 26. Kc1 Rxd3 27. Rxd1 Rxd1+ 28. Kxd1 e5 29. Ke2 Kf8 30. Bf2 Ke7 31. b4 Kd6 32. a4 Kc7 33. Kd3 Kc6 34. g4 h6 35. h4 h5 36. g5 Kd6 37. Kc3 Kc6 38. b5+ Kb7 39. Kb4 f6 40. gxf6 Nxf6 41. Bg3 Nxe4 42. Bxe5 g5 43. hxg5 Nxg5 44. c5 Nf3 45. Bd6 h4 46. cxb6 Kxb6 47. a5+ Kb7 48. a6+ Ka8 49. Kc5 h3 50. b6 axb6+ 51. Kxb6 h2 1/2-1/2

[Event "Centrocoop Sept op-A"]
[Site "Eforie Nord"]
[Date "1998.??.??"]
[Round "?"]
[White "Craciun, Danut"]
[Black "Doncea, Vladimir"]
[Result "1-0"]
[WhiteElo "2220"]
[BlackElo "1740"]
[PlyCount "71"]
[EventDate "1998.09.??"]
[EventType "swiss"]
[EventRounds "11"]
[EventCountry "ROU"]
[SourceTitle "EXT 2000"]
[Source "ChessBase"]
[SourceDate "1999.11.16"]
[SourceVersion "1"]
[SourceVersionDate "1999.11.16"]
[SourceQuality "1"]

1. d4 Nf6 2. c4 c5 3. d5 d6 4. Nc3 g6 5. e4 Bg7 6. f4 0-0 7. Nf3 e6 8. Be2 exd5 9. cxd5 Re8 10. Nd2 a6 11. a4 Nbd7 12. 0-0 Nf8 13. Bf3 Rb8 14. Nc4 b5 15. axb5 axb5 16. Na5 Bd7 17. Nc6 Bxc6 18. dxc6 b4 19. Nd5 Ne6 20. f5 gxf5 21. exf5 Nc7 22. Bg5 Ncxd5 23. Bxd5 Qc7 24. Bf3 Ne4 25. Bxe4 Rxe4 26. f6 h6 27. Bf4 Bxf6 28. Bxd6 Bd4+ 29. Qxd4 cxd4 30. Bxc7 Rc8 31. Bd6 Rxc6 32. Bxb4 Rb6 33. Ba3 d3 34. Rad1 Rb3 35. Rf3 d2 36. Rxd2 1-0

[Event "Centrocoop Sept op-A"]
[Site "Eforie Nord"]
[Date "1998.??.??"]
[Round "?"]
[White "Sorbun, Cristinel"]
[Black "Craciun, Danut"]
[Result "1/2-1/2"]
[WhiteElo "2070"]
[BlackElo "2220"]
[PlyCount "53"]
[EventDate "1998.09.??"]
[EventType "swiss"]
[EventRounds "11"]
[EventCountry "ROU"]
[SourceTitle "EXT 2000"]
[Source "ChessBase"]
[SourceDate "1999.11.16"]
[SourceVersion "1"]
[SourceVersionDate "1999.11.16"]
[SourceQuality "1"]

1. d3 d5 2. c3 c5 3. Qc2 Nc6 4. e4 dxe4 5. dxe4 Nf6 6. Nf3 g6 7. Be2 Bg7 8. 0-0 0-0 9. h3 Qc7 10. Re1 b6 11. Nbd2 Bb7 12. Nf1 Rad8 13. Bg5 Ne5 14. N3d2 c4 15. Bf4 b5 16. a4 a6 17. axb5 axb5 18. Ra7 Nfd7 19. b3 Bxe4 20. Rxc7 Bxc2 21. bxc4 bxc4 22. Nxc4 Rc8 23. Rxc8 Rxc8 24. Nxe5 Nxe5 25. c4 Nd3 26. Bxd3 Bxd3 27. Rxe7 1/2-1/2

[Event "ROM-chT2"]
[Site "Sovata"]
[Date "1997.??.??"]
[Round "1"]
[White "Varlan, Hervig Ioan"]
[Black "Craciun, Danut"]
[Result "1-0"]
[WhiteElo "2240"]
[BlackElo "1855"]
[PlyCount "72"]
[EventDate "1997.10.??"]
[EventType "team-tourn"]
[EventRounds "7"]
[EventCountry "ROU"]
[SourceTitle "EXT 2000"]
[Source "ChessBase"]
[SourceDate "1999.11.16"]
[SourceVersion "1"]
[SourceVersionDate "1999.11.16"]
[SourceQuality "1"]

1. d4 d5 2. c4 e6 3. Nc3 c5 4. cxd5 exd5 5. Nf3 Nc6 6. g3 Nf6 7. Bg2 Be7 8. 0-0 0-0 9. h3 Re8 10. Be3 cxd4 11. Nxd4 Be6 12. Rc1 Nxd4 13. Qxd4 Qd7 14. g4 h6 15. Rfd1 b6 16. Qd3 Rad8 17. Bd4 Qd6 18. Nb5 Qb8 19. Nc7 Rf8 20. Be5 Nd7 21. Bg3 Qb7 22. Nxd5 Nc5 23. Qf3 Bxd5 24. Rxd5 Qxd5 25. Qxd5 Rxd5 26. Bxd5 Rd8 27. e4 Bg5 28. Rc2 Rd7 29. a3 a5 30. b3 Kf8 31. Kg2 Bf6 32. Bf4 Ke7 33. Be3 Nd3 34. Kf1 b5 35. Ke2 Nb2 36. Bc1 a4 1-0